000 00788nam a2200277Ia 4500
003 OSt
005 20221007112132.0
006 a|||||r|||| 00| 0
007 ta
008 221006b |||||||| |||| 00| 0 eng d
024 _a25,158
037 _cTextual
040 _aLCO
_cLCO
_beng
041 _2eng
_aeng
082 _aZ2,2673, Q0
100 _aKankanala Kalyan C.
_9307103
245 0 _aIndian Patent Law and Practice
250 _a1st
260 _aNew
_bYork Oxford University Press U.S.A
_c2010
300 _a353
650 _aPATENT LAW
700 _a Narasani Arun K.
_9708682
700 _a Radhakrishnan Vinita
_9708683
942 _hZ2,2673, Q0
_cTEXL
999 _c1194721
_d1194721